Handbook of forensic services / (Record no. 146475)

MARC details
000 -LEADER
fixed length control field 00492nam a22001817a 4500
005 - DATE AND TIME OF LATEST TRANSACTION
control field 20171013160142.0
010 ## - LCCN (DPL NO)
LC control number ENG-120859
020 ## - INTERNATIONAL STANDARD BOOK NUMBER
International Standard Book Number 9788170493945
Terms of availability 495.00
035 ## - SYSTEM CONTROL NUMBER
System control number EN-104391
037 ## - SOURCE OF ACQUISITION
Stock number DABD/PUB
082 ## - DEWEY DECIMAL CLASSIFICATION NUMBER
Classification number 363.25
245 ## - TITLE STATEMENT
Title Handbook of forensic services /
260 ## - PUBLICATION, DISTRIBUTION, ETC. (IMPRINT)
Place of publication, distribution, etc New Delhi
Name of publisher, distributor, etc Routledge
Date of publication, distribution, etc 2013
270 ## - ADDRESS
Address Manas Publications
City New Delhi
Postal code 110002
300 ## - PHYSICAL DESCRIPTION
Extent 140p.:
Dimensions 23cm(Hb)
500 ## - GENERAL NOTE
General note Includes index
942 ## - ADDED ENTRY ELEMENTS (KOHA)
Source of classification or shelving scheme Dewey Decimal Classification
Item type English Books
Classification part 363.25
Call number suffix HAN
Holdings
Withdrawn status Lost status Not for loan Collection code Home library Current library Date acquired Source of acquisition Cost, normal purchase price Full call number Barcode Copy number Cost, replacement price Koha item type
    Not For Loan Non-fiction D.B.Act.Division Patel Nagar 11/10/2017 DBAD/PUB 495.00 363.25 HAN EN-104391 1 495.00 English Books

© Delhi Public Library
Hit Counter
free hit counter